000 00636nas a2200217 4500
001 BR8306670
003 BR-BrBNA
005 20231205085736.0
007 ta
008 230509b bl.|||p| |||| 00| 00por d
040 _aBR-BrBNA
_bpor
_cBiblioteca Nacional de Agricultura
041 _a(Pt)
072 _aJ10
100 1 _aUsberti, R.
245 1 _aTecnificacao do processamento de sementes de amendoim
650 _aARMAZENAMENTO
650 _aAMENDOIM
773 0 _tCasa da Agricultura (Brazil)
_xISSN 0100-6541
_g(Jan-Feb 1983), v. 5(1) p. 36-37
_wBR8306670
909 _a202311
_bLúcia
_c55
_dLúcia Elande
942 _2AGRIS
_n0
_cANA
999 _c113496
_d113496